| 000 | 00965cam a2200313 a 4500 | ||
|---|---|---|---|
| 001 | 13019024 | ||
| 005 | 20150703121107.0 | ||
| 008 | 021011s2002 ii l 001 0 eng | ||
| 010 | _a 2002299899 | ||
| 025 | _aI-E-2002-299899; 75-13 | ||
| 035 | _a(DLC) 2002299899 | ||
| 037 |
_bLibrary of Congress -- New Delhi Overseas Office _cRs990.00 |
||
| 040 |
_aDLC _cDLC _dDLC |
||
| 042 | _alcode | ||
| 043 | _aa-ii--- | ||
| 050 | 0 | 0 |
_aKNS957.3 _b.S87 2002 |
| 082 | 0 | 0 |
_a346.506645 BHA _221 |
| 100 | 1 | _aBhandari, M.C. | |
| 245 | 1 | 0 |
_aCompany notices, meetings and resolutions / _cM.C. Bhandari |
| 250 | _a2nd ed. | ||
| 260 |
_aKolkata : _bKamal Law House, _c2002. |
||
| 300 |
_acxlii, 2507 p. ; _c25 cm. |
||
| 500 | _aIncludes index. | ||
| 650 | 0 |
_aCorporate meetings _xLaw and legislation |
|
| 650 | 0 |
_aCorporate resolutions _xLaw and legislation _zIndia. |
|
| 906 | _gy-gencatlg | ||
| 942 |
_2ddc _cBK |
||
| 999 |
_c5821 _d5821 |
||